Statistiques concernant Les Tableaux du prime #5 - Star Académy 2022

Cliquez ici pour prendre le quiz!

Statistiques générales

  • Ce quiz a été pris 48 fois
  • Le résultat moyen est 20 sur 47

Statistiques - réponses

Réponse% Correct
AcadémiciensLéa
92%
AcadémiciensLouis
92%
AcadémiciensChris
89%
AcadémiciensAnisha
87%
AcadémiciensEnola
87%
AcadémiciensTiana
82%
AcadémiciensJulien
76%
AcadémiciensStanislas
76%
Interprète originalCéline Dion
68%
ChansonsNe partez pas sans moi
68%
Artistes confirmésDadju
53%
Artistes confirmésKendji Girac
53%
Artistes confirmésPatrick Fiori
50%
Interprète originalGrégory Lemarchal
47%
ChansonsEcris l'histoire
45%
ChansonsReine
45%
ChansonsA corps perdu
42%
Interprète originalFlorent Pagny
39%
Artistes confirmésAmel Bent
37%
ChansonsAndalouse
37%
ChansonsHot Stuff
37%
ChansonsJ'y vais
37%
Artistes confirmésM. Pokora
37%
Artistes confirmésZazie
37%
Interprète originalDonna Summer
34%
(Ancien) AcadémicienLucie Bernardoni
34%
Artistes confirmésTayc
32%
ChansonsJe suis un homme
29%
(Ancien) AcadémicienKarima Charni
29%
ChansonsL'Envie
29%
ChansonsOù je vais
29%
ChansonsTiago
29%
ChansonsTombé
29%
ChansonsEvidemment
26%
Interprète originalJohnny Hallyday
26%
ChansonsLe temps
26%
ChansonsDe temps en temps
24%
ChansonsIt's all coming back to me now
24%
ChansonsLes Yeux de la mama
24%
Artistes confirmésFeu! Chatterton
21%
Interprète originalCyndi Lauper
18%
ChansonsGirls just want to have fun
16%
ChansonsI'll be there for you
16%
ChansonsUn monde nouveau
16%
Interprète originalThe Rembrandts
13%
ChansonsWake me up before you Go-Go
13%
Interprète originalWham
13%

Distribution des résultats

Percentile par nombre de réponses

% des personnes avec chaque résultat

Votre développement - résultats

Vous n’avez pas pris ce quiz